[Event "II Torneio Aberto Internacional de Xadrez de Ferreira do Alentejo"]
[Site "Ferreira do Alentejo - Portugal"]
[Date "2019.12.21"]
[Round "9.10"]
[White "Schmitz, Manuela"]
[Black "Tieres, Cristiano"]
[Result "0-1"]
[BlackElo "1848"]
[WhiteElo "1914"]
[BlackTeam "EX Porto"]
[LiveChessVersion "1.4.8"]

1. d4 {[%clk 1:31:19]} Nf6 {[%clk 1:30:06]} 2. Nf3 {[%clk 1:31:40]} g6
{[%clk 1:30:31]} 3. c4 {[%clk 1:31:57]} Bg7 {[%clk 1:30:55]} 4. Nc3 O-O
{[%clk 1:31:22]} 5. e4 {[%clk 1:32:18]} d6 {[%clk 1:31:44]} 6. Be2 e5
{[%clk 1:32:10]} 7. Be3 {[%clk 1:32:51]} Ng4 8. Bg5 {[%clk 1:33:11]} f6
{[%clk 1:32:37]} 9. Bc1 {[%clk 1:33:05]} Nh6 {[%clk 1:32:03]} 10. O-O
{[%clk 1:31:02]} Nc6 {[%clk 1:32:25]} 11. d5 {[%clk 1:29:47]} Ne7
{[%clk 1:32:37]} 12. Nd2 {[%clk 1:29:57]} f5 {[%clk 1:33:02]} 13. f3
{[%clk 1:27:07]} f4 {[%clk 1:33:22]} 14. b4 {[%clk 1:27:11]} g5 {[%clk 1:33:13]}
15. c5 {[%clk 1:25:45]} Ng6 {[%clk 1:33:22]} 16. Nc4 {[%clk 1:23:12]} Rf7
{[%clk 1:33:43]} 17. Bd2 {[%clk 1:23:03]} Bf8 {[%clk 1:33:52]} 18. cxd6
{[%clk 1:21:51]} cxd6 {[%clk 1:34:11]} 19. Be1 {[%clk 1:19:49]} Rg7
{[%clk 1:34:32]} 20. Bf2 {[%clk 1:18:23]} Nf7 {[%clk 1:34:56]} 21. Nb5
{[%clk 1:18:27]} a6 {[%clk 1:33:59]} 22. Nba3 {[%clk 1:17:46]} h5
{[%clk 1:34:01]} 23. Nb6 {[%clk 1:16:40]} g4 {[%clk 1:33:16]} 24. Nxc8 g3
{[%clk 1:33:43]} 25. hxg3 {[%clk 1:15:58]} fxg3 {[%clk 1:34:02]} 26. Bxg3
{[%clk 1:15:53]} Nf4 {[%clk 1:34:27]} 27. Bxf4 exf4 {[%clk 1:34:41]} 28. Qe1
{[%clk 1:09:06]} Rxc8 {[%clk 1:35:08]} 29. Qf2 Be7 {[%clk 1:35:26]} 30. Rfc1
{[%clk 1:05:35]} Bh4 31. Qd4 Bf6 {[%clk 1:28:37]} 32. Qd2 {[%clk 1:04:30]} Bxa1
{[%clk 1:28:58]} 33. Rxa1 {[%clk 1:04:54]} Qg5 {[%clk 1:29:09]} 34. Bf1
{[%clk 1:05:10]} Ne5 {[%clk 1:29:35]} 35. Qe2 {[%clk 1:05:10]} Rc3
{[%clk 1:28:54]} 36. Qb2 {[%clk 1:04:33]} Nxf3+ {[%clk 1:29:21]} 37. Kf2 Qg3+ 0-1

[Event "II Torneio Aberto Internacional de Xadrez de Ferreira do Alentejo"]
[Site "Ferreira do Alentejo - Portugal"]
[Date "2019.12.21"]
[Round "9.11"]
[White "Ramos, Alvaro Manuel Nobre"]
[Black "Dong, Rafael"]
[Result "1/2-1/2"]
[BlackElo "1571"]
[WhiteElo "1868"]
[WhiteTeam "CXFA"]
[BlackTeam "CX Sintra"]
[LiveChessVersion "1.4.8"]

1. d4 {[%clk 1:30:27]} d5 {[%clk 1:31:15]} 2. Nf3 {[%clk 1:30:59]} Nf6 3. b3
{[%clk 1:31:13]} Bf5 {[%clk 1:31:28]} 4. Bb2 {[%clk 1:31:31]} c6 {[%clk 1:31:11]}
5. e3 {[%clk 1:31:24]} e6 {[%clk 1:31:01]} 6. a3 {[%clk 1:31:36]} Bd6
{[%clk 1:31:00]} 7. Be2 {[%clk 1:31:01]} Nbd7 {[%clk 1:31:06]} 8. Nbd2
{[%clk 1:30:48]} h6 {[%clk 1:30:50]} 9. c4 {[%clk 1:30:37]} O-O {[%clk 1:30:09]}
10. O-O {[%clk 1:28:11]} Ne4 11. Ne5 {[%clk 1:28:21]} Nxe5 {[%clk 1:25:12]} 12.
dxe5 {[%clk 1:23:31]} Be7 {[%clk 1:23:06]} 13. b4 {[%clk 1:22:56]} Qc7
{[%clk 1:22:49]} 14. c5 {[%clk 1:23:11]} Nxd2 {[%clk 1:14:46]} 15. Qxd2
{[%clk 1:19:32]} a5 16. Bd4 {[%clk 1:19:44]} axb4 {[%clk 1:07:30]} 17. axb4
{[%clk 1:19:03]} Rfc8 {[%clk 1:06:18]} 18. Ra2 {[%clk 1:17:41]} Qd8
{[%clk 0:49:20]} 19. Rfa1 {[%clk 1:17:49]} Rxa2 {[%clk 0:49:31]} 20. Qxa2 f6
{[%clk 0:45:28]} 21. f4 {[%clk 1:13:34]} fxe5 {[%clk 0:45:33]} 22. Bxe5
{[%clk 1:08:14]} Bf6 {[%clk 0:42:29]} 23. Qa5 Bxe5 {[%clk 0:42:07]} 24. Qxd8+
{[%clk 1:07:58]} Rxd8 25. Ra7 {[%clk 1:07:56]} Bc3 {[%clk 0:41:59]} 26. Rxb7 e5
{[%clk 0:41:11]} 27. b5 {[%clk 1:07:59]} exf4 28. exf4 {[%clk 1:06:57]} Bd4+
{[%clk 0:42:13]} 29. Kf1 {[%clk 1:07:20]} Bxc5 30. bxc6 {[%clk 1:04:47]} Rc8
{[%clk 0:41:19]} 31. Bb5 {[%clk 1:04:47]} Bd6 {[%clk 0:41:08]} 32. g3
{[%clk 1:03:50]} Be4 33. Rd7 {[%clk 1:03:40]} Bc7 {[%clk 0:37:16]} 34. Ba6 Ra8
{[%clk 0:37:18]} 35. Bb7 {[%clk 1:03:42]} Ra1+ {[%clk 0:37:06]} 36. Ke2
{[%clk 1:03:43]} Ra2+ {[%clk 0:36:36]} 37. Kd1 {[%clk 1:01:42]} Bc2+
{[%clk 0:35:55]} 38. Kc1 {[%clk 1:01:51]} Bb6 {[%clk 0:36:13]} 39. Re7 Be4 40.
Rxe4 {[%clk 0:58:38]} dxe4 {[%clk 0:34:50]} 41. c7 {[%clk 0:59:06]} Bxc7
{[%clk 0:34:46]} 42. Bd5+ {[%clk 0:59:17]} Kh7 {[%clk 0:34:45]} 43. Bxa2
{[%clk 0:59:15]} Kg6 {[%clk 0:35:00]} 44. Kd2 {[%clk 0:58:34]} Bb6
{[%clk 0:34:40]} 45. Ke2 Bg1 {[%clk 0:31:23]} 46. h3 {[%clk 0:58:48]} Kf6 47. Bc4
{[%clk 0:57:42]} g5 {[%clk 0:24:58]} 48. fxg5+ hxg5 {[%clk 0:24:29]} 49. Ba6
{[%clk 0:57:34]} Ke5 {[%clk 0:23:05]} 50. Kf1 {[%clk 0:57:44]} Bc5
{[%clk 0:23:21]} 1/2-1/2